Những quy định pháp luật về quản lý chợ và hộ kinh doanh nhỏ
Các văn bản pháp quy về tổ chức, quản lí chợ, hộ kinh doanh nhỏ, về kế toán, thuế, quản lý thị trường, xử phạt vi phạm hành chính.
Salvato in:
| Natura: | Libro |
|---|---|
| Lingua: | Undetermined |
| Pubblicazione: |
Hà Nội
Chính trị Quốc gia
1999
|
| Soggetti: | |
| Tags: |
Aggiungi Tag
Nessun Tag, puoi essere il primo ad aggiungerne! !
|
| Thư viện lưu trữ: | Trung tâm Học liệu Trường Đại học Cần Thơ |
|---|
| LEADER | 00739nam a2200181Ia 4500 | ||
|---|---|---|---|
| 001 | CTU_35618 | ||
| 008 | 210402s9999 xx 000 0 und d | ||
| 020 | |c 75500 | ||
| 082 | |a 346.072 | ||
| 082 | |b Nh556 | ||
| 245 | 0 | |a Những quy định pháp luật về quản lý chợ và hộ kinh doanh nhỏ | |
| 260 | |a Hà Nội | ||
| 260 | |b Chính trị Quốc gia | ||
| 260 | |c 1999 | ||
| 520 | |a Các văn bản pháp quy về tổ chức, quản lí chợ, hộ kinh doanh nhỏ, về kế toán, thuế, quản lý thị trường, xử phạt vi phạm hành chính. | ||
| 650 | |a Commercial law,Sales | ||
| 904 | |i Minh, Năm | ||
| 980 | |a Trung tâm Học liệu Trường Đại học Cần Thơ | ||